[Event "Backa Topola-ch"]
[Site "Backa Topola"]
[Date "2019.12.09"]
[Round "7"]
[White "Sedlak, Ivan"]
[Black "Nagy, Attila N"]
[Result "1-0"]
[WhiteElo "2111"]
[BlackElo "2233"]
[PlyCount "74"]
[EventDate "2019.11.25"]
[EventType "swiss"]
[EventRounds "9"]
[EventCountry "SRB"]
[SourceTitle "CBM 193 Extra"]
[Source "ChessBase"]
[SourceDate "2020.01.31"]
[SourceVersion "1"]
[SourceVersionDate "2020.01.31"]
[SourceQuality "1"]

1. e4 c5 2. Nf3 Nc6 3. Bb5 g6 4. 0-0 Bg7 5. Re1 Nf6 6. Bxc6 dxc6 7. h3 0-0 8. d3 b6 9. a4 Ba6 10. Nc3 Qc7 11. Be3 c4 12. d4 Rad8 13. Qc1 Rfe8 14. Bf4 Qc8 15. Qe3 Bb7 16. Rad1 b5 17. axb5 cxb5 18. d5 a6 19. Be5 Nd7 20. Bxg7 Kxg7 21. e5 Nc5 22. Rd4 h6 23. Rh4 Rh8 24. Rd1 e6 25. d6 Nd7 26. Ne4 Bxe4 27. Rxe4 Qc5 28. Nd4 Rc8 29. c3 a5 30. h4 h5 31. Qg5 Rce8 32. Rde1 b4 33. R1e3 bxc3 34. Rxc3 Qb4 35. Rxc4 Qxb2 36. Rf4 Rhf8 37. Rc7 Rd8 1-0

[Event "Backa Topola-ch"]
[Site "Backa Topola"]
[Date "2019.11.27"]
[Round "2"]
[White "Benarik, Bela"]
[Black "Sedlak, Ivan"]
[Result "0-1"]
[WhiteElo "1956"]
[BlackElo "2111"]
[PlyCount "86"]
[EventDate "2019.11.25"]
[EventType "swiss"]
[EventRounds "9"]
[EventCountry "SRB"]
[SourceTitle "CBM 193 Extra"]
[Source "ChessBase"]
[SourceDate "2020.01.31"]
[SourceVersion "1"]
[SourceVersionDate "2020.01.31"]
[SourceQuality "1"]

1. c4 e5 2. Nc3 Nc6 3. g3 Nf6 4. Bg2 Bb4 5. Nd5 Bc5 6. Nxf6+ Qxf6 7. e3 d6 8. a3 a5 9. Ne2 0-0 10. 0-0 Bf5 11. d3 Qg6 12. e4 Bg4 13. Kh1 Qh5 14. f3 Bh3 15. Bxh3 Qxh3 16. Ng1 Qd7 17. Kg2 f5 18. Bd2 fxe4 19. dxe4 Qe6 20. b3 a4 21. Ne2 Rf7 22. Bc3 axb3 23. Qxb3 Raf8 24. Bb4 Bd4 25. Rad1 b5 26. Rc1 Rb8 27. Qd3 bxc4 28. Qxc4 Qxc4 29. Rxc4 Nxb4 30. axb4 Bb6 31. Nc3 Bd4 32. Nd5 c5 33. bxc5 Rb2+ 34. Kh3 dxc5 35. f4 Re2 36. f5 Rxe4 37. f6 h6 38. Ra4 Kh7 39. Ra8 Re2 40. Re8 g5 41. Rb1 h5 42. Re7 Kg6 43. Rxf7 g4+ 0-1

[Event "Subotica City-ch"]
[Site "Subotica"]
[Date "2019.03.15"]
[Round "9"]
[White "Vucelic, Rade"]
[Black "Sedlak, Ivan"]
[Result "0-1"]
[WhiteElo "1880"]
[BlackElo "2110"]
[PlyCount "84"]
[EventDate "2019.02.25"]
[EventType "swiss"]
[EventRounds "9"]
[EventCountry "SRB"]
[SourceTitle "CBM 189 Extra"]
[Source "ChessBase"]
[SourceDate "2019.05.31"]
[SourceVersion "1"]
[SourceVersionDate "2019.05.31"]
[SourceQuality "1"]

1. c4 e5 2. Nc3 Nc6 3. e4 Bc5 4. Nf3 d6 5. d3 Bg4 6. Be2 h6 7. a3 a5 8. Nd5 Nge7 9. Ne3 Be6 10. Bd2 0-0 11. Rb1 a4 12. Nd5 Qd7 13. Be3 Ng6 14. Qd2 Bxe3 15. fxe3 Na5 16. 0-0 Nb3 17. Qb4 Nc5 18. Qd2 Ra6 19. Qc2 c6 20. Nc3 f5 21. exf5 Bxf5 22. e4 Bg4 23. Rf2 Nf4 24. Rbf1 Raa8 25. Nd1 Bxf3 26. Rxf3 Nce6 27. Qd2 Nd4 28. R3f2 Nfxe2+ 29. Rxe2 Rxf1+ 30. Kxf1 Nxe2 31. Qxe2 Qf7+ 32. Ke1 Rf8 33. Ne3 b5 34. Nf5 Qf6 35. Qg4 Kh7 36. Qe2 d5 37. g4 g6 38. Ng3 d4 39. Nf1 bxc4 40. dxc4 Qf3 41. Nd2 Qh1+ 42. Nf1 Rf4 0-1

[Event "Subotica City-ch"]
[Site "Subotica"]
[Date "2019.03.13"]
[Round "8"]
[White "Sedlak, Ivan"]
[Black "Kosa, Jeno"]
[Result "1/2-1/2"]
[WhiteElo "2110"]
[BlackElo "2024"]
[PlyCount "46"]
[EventDate "2019.02.25"]
[EventType "swiss"]
[EventRounds "9"]
[EventCountry "SRB"]
[SourceTitle "CBM 189 Extra"]
[Source "ChessBase"]
[SourceDate "2019.05.31"]
[SourceVersion "1"]
[SourceVersionDate "2019.05.31"]
[SourceQuality "1"]

1. e4 c6 2. d4 d5 3. e5 Bf5 4. h4 h5 5. Nh3 e6 6. Nf4 g6 7. Nd2 Be7 8. g3 Nh6 9. c3 Qb6 10. Qb3 Nd7 11. a4 a6 12. Qxb6 Nxb6 13. a5 Nd7 14. b4 f6 15. exf6 Bxf6 16. Bd3 Bxd3 17. Nxd3 e5 18. dxe5 Nxe5 19. Nxe5 Bxe5 20. Ra3 0-0 21. 0-0 Nf5 22. c4 dxc4 23. Nxc4 Bd4 1/2-1/2

[Event "Subotica City-ch"]
[Site "Subotica"]
[Date "2019.03.08"]
[Round "6"]
[White "Sedlak, Ivan"]
[Black "Kecskemeti, Arpad"]
[Result "0-1"]
[WhiteElo "2110"]
[BlackElo "2213"]
[PlyCount "54"]
[EventDate "2019.02.25"]
[EventType "swiss"]
[EventRounds "9"]
[EventCountry "SRB"]
[SourceTitle "CBM 189 Extra"]
[Source "ChessBase"]
[SourceDate "2019.05.31"]
[SourceVersion "1"]
[SourceVersionDate "2019.05.31"]
[SourceQuality "1"]

1. e4 c5 2. Nf3 d6 3. d4 cxd4 4. Nxd4 Nf6 5. Nc3 a6 6. g3 e5 7. Nde2 Be6 8. Bg2 b5 9. a3 Nbd7 10. 0-0 Be7 11. h3 Nb6 12. g4 Qc7 13. Ng3 h6 14. Re1 Rd8 15. Qe2 0-0 16. Nf5 Bxf5 17. exf5 d5 18. Qxe5 Bd6 19. Qd4 Rfe8 20. Rxe8+ Rxe8 21. Be3 Nc4 22. Nxd5 Nxd5 23. Qxd5 Nxe3 24. fxe3 Qb6 25. Re1 Rxe3 26. Rxe3 Qxe3+ 27. Kf1 Bg3 0-1

[Event "Subotica City-ch"]
[Site "Subotica"]
[Date "2019.03.06"]
[Round "5"]
[White "Tomik, Lajos"]
[Black "Sedlak, Ivan"]
[Result "0-1"]
[WhiteElo "1982"]
[BlackElo "2110"]
[PlyCount "146"]
[EventDate "2019.02.25"]
[EventType "swiss"]
[EventRounds "9"]
[EventCountry "SRB"]
[SourceTitle "CBM 189 Extra"]
[Source "ChessBase"]
[SourceDate "2019.05.31"]
[SourceVersion "1"]
[SourceVersionDate "2019.05.31"]
[SourceQuality "1"]

1. c4 e6 2. Nc3 Nf6 3. g3 d5 4. Bg2 Be7 5. b3 d4 6. Nb5 c6 7. Na3 e5 8. Nb1 a5 9. d3 Be6 10. Bg5 Nbd7 11. Nd2 h6 12. Bxf6 Bxf6 13. Rb1 Be7 14. Ngf3 0-0 15. 0-0 Qc7 16. Qc2 Rad8 17. Rfd1 f5 18. Nf1 c5 19. Ne1 Nf6 20. f3 g5 21. Bh1 Rf7 22. e4 fxe4 23. dxe4 g4 24. Nd2 Rdf8 25. Nd3 gxf3 26. Nxf3 Ng4 27. Qe2 Bd6 28. Rf1 Ne3 29. Rf2 Bg4 30. Nde1 Qd7 31. Qd3 Qe6 32. Rbb2 Be7 33. a3 b6 34. Rbe2 a4 35. Rxe3 dxe3 36. Qxe3 axb3 37. Qxb3 Bg5 38. Bg2 Rd8 39. h4 Be7 40. Rb2 Rd6 41. Kh2 Bxf3 42. Nxf3 Bf6 43. Bh3 Qe7 44. Bf5 Kg7 45. Qa4 Qd8 46. Qa6 Re7 47. Kg2 Qc7 48. Qb5 Qd8 49. a4 Ra7 50. Rf2 Ra5 51. Qb2 Rxa4 52. g4 Bxh4 53. Nxh4 Qxh4 54. Qxe5+ Qf6 55. Qe8 Ra7 56. e5 Qd8 57. Qh5 Qa8+ 58. Kh2 Ra2 59. Rxa2 Qxa2+ 60. Kg3 Qb3+ 61. Kf4 Qxc4+ 62. Be4 Re6 63. Qf5 Qf1+ 64. Bf3 Qc4+ 65. Be4 b5 66. Qh7+ Kf8 67. Kf5 Rb6 68. g5 Qf7+ 69. Qxf7+ Kxf7 70. e6+ Kf8 71. g6 Ke7 72. g7 Rb8 73. Bd3 c4 0-1

[Event "Subotica City-ch"]
[Site "Subotica"]
[Date "2019.02.25"]
[Round "1"]
[White "Sedlak, Ivan"]
[Black "Tomic, Zoran S"]
[Result "1-0"]
[WhiteElo "2110"]
[BlackElo "1857"]
[PlyCount "49"]
[EventDate "2019.02.25"]
[EventType "swiss"]
[EventRounds "9"]
[EventCountry "SRB"]
[SourceTitle "CBM 189 Extra"]
[Source "ChessBase"]
[SourceDate "2019.05.31"]
[SourceVersion "1"]
[SourceVersionDate "2019.05.31"]
[SourceQuality "1"]

1. e4 d6 2. d4 Nf6 3. Nc3 c6 4. f3 Nbd7 5. Be3 g6 6. Qd2 Bg7 7. 0-0-0 0-0 8. Bh6 Qc7 9. h4 e5 10. dxe5 dxe5 11. g4 Nb6 12. h5 Bxh6 13. Qxh6 Nxg4 14. fxg4 Bxg4 15. Be2 Be6 16. Nf3 f6 17. hxg6 Qg7 18. Qxh7+ Qxh7 19. Rxh7 Rab8 20. Rdh1 Bg4 21. Nxe5 fxe5 22. Bxg4 Rfe8 23. Bf5 Nc4 24. Rc7 Ne3 25. g7 1-0

[Event "Gligoric Cup 5th"]
[Site "Novi Sad"]
[Date "2018.11.07"]
[Round "5.5"]
[White "Radic, Zvonimir"]
[Black "Sedlak, Ivan"]
[Result "0-1"]
[WhiteElo "2155"]
[BlackElo "2089"]
[PlyCount "92"]
[EventDate "2018.11.04"]
[EventType "team-swiss"]
[EventRounds "5"]
[EventCountry "SRB"]
[SourceTitle "CBM 187 Extra"]
[Source "ChessBase"]
[SourceDate "2018.11.04"]
[SourceVersion "1"]
[SourceVersionDate "2018.11.04"]
[SourceQuality "1"]
[WhiteTeam "Srbobran"]
[BlackTeam "Subotica Penzioner"]
[WhiteTeamCountry "SRB"]
[BlackTeamCountry "SRB"]

1. d4 e6 2. Nc3 Nf6 3. Bf4 b6 4. e4 Bb7 5. f3 Be7 6. Bd3 Nh5 7. Be3 Bg5 8. Qd2 Bxe3 9. Qxe3 d6 10. 0-0-0 Nd7 11. e5 g6 12. Qh6 Rg8 13. g4 Ng7 14. h4 Qe7 15. Be4 0-0-0 16. f4 f5 17. Bxb7+ Kxb7 18. Qg5 Qf7 19. exd6 cxd6 20. Nb5 Nf6 21. gxf5 Nxf5 22. Rd3 Ne4 23. Qg2 d5 24. Ne2 a6 25. Nbc3 Nfd6 26. Nd1 Rc8 27. Ne3 Qc7 28. c3 Nf5 29. Nc2 Qc4 30. Qf3 Qxa2 31. h5 Rc7 32. Rg1 Qc4 33. Kb1 Qb3 34. Nc1 Qb5 35. Rg2 Rgc8 36. Na3 Qa4 37. Ka2 Nh4 38. Qh3 Nxg2 39. Qxg2 gxh5 40. Rh3 b5 41. Nb3 b4 42. cxb4 Qxb4 43. Qg1 Ka8 44. Qf1 Qb6 45. f5 Rb7 46. Qf4 Rc3 0-1

[Event "Gligoric Cup 5th"]
[Site "Novi Sad"]
[Date "2018.11.05"]
[Round "2.4"]
[White "Sedlak, Ivan"]
[Black "Kovacevic, Vladimir M"]
[Result "1/2-1/2"]
[WhiteElo "2089"]
[BlackElo "2081"]
[PlyCount "126"]
[EventDate "2018.11.04"]
[EventType "team-swiss"]
[EventRounds "5"]
[EventCountry "SRB"]
[SourceTitle "CBM 187 Extra"]
[Source "ChessBase"]
[SourceDate "2018.11.04"]
[SourceVersion "1"]
[SourceVersionDate "2018.11.04"]
[SourceQuality "1"]
[WhiteTeam "Subotica Penzioner"]
[BlackTeam "Mladenovo"]
[WhiteTeamCountry "SRB"]
[BlackTeamCountry "SRB"]

1. e4 c5 2. Nf3 Nc6 3. Bb5 d6 4. Bxc6+ bxc6 5. 0-0 g6 6. h3 Bg7 7. Re1 e5 8. d3 Ne7 9. c3 Qb6 10. Nbd2 0-0 11. Nc4 Qc7 12. d4 cxd4 13. cxd4 Ba6 14. dxe5 dxe5 15. Qc2 Nc8 16. Be3 Rb8 17. b3 Rd8 18. Rac1 h6 19. Qc3 f6 20. Na5 Rd3 21. Qxc6 Qxa5 22. Qe8+ Kh7 23. Nh4 Qd8 24. Qxg6+ Kh8 25. Bxh6 Rd7 26. Nf5 Bxh6 27. Qxh6+ Rh7 28. Qg6 Qf8 29. Rc6 Rb6 30. Rec1 Bb7 31. Rc7 Ne7 32. Qxh7+ Kxh7 33. Rxe7+ Kg6 34. Rg7+ Qxg7 35. Nxg7 Kxg7 36. Rc7+ Kg6 37. f3 a5 38. Rc5 Ra6 39. a4 Bc6 40. h4 Rb6 41. Kf2 Bd7 42. Rxa5 Rxb3 43. Ra7 Be8 44. g4 Ra3 45. a5 Bb5 46. Ra8 Ra2+ 47. Kg3 Ra3 48. Kf2 Ra1 49. Kg2 Ra2+ 50. Kg3 Ra3 51. Kf2 Ba4 52. Ke2 Ra2+ 53. Ke1 Bb5 54. Rg8+ Kh7 55. Ra8 Be2 56. a6 Bxf3 57. g5 fxg5 58. hxg5 Bxe4 59. Re8 Ra5 60. Re6 Kg7 61. Ke2 Bd5 62. Re7+ Kf8 63. Ra7 Ra3 1/2-1/2

[Event "Gligoric Cup 4th"]
[Site "Novi Banovci"]
[Date "2017.05.27"]
[Round "3.9"]
[White "Sedlak, Ivan"]
[Black "Vukovic, Ilija"]
[Result "1/2-1/2"]
[WhiteElo "2099"]
[BlackElo "1853"]
[PlyCount "67"]
[EventDate "2017.05.25"]
[EventType "team-swiss"]
[EventRounds "5"]
[EventCountry "SRB"]
[SourceTitle "CBM 178 Extra"]
[Source "ChessBase"]
[SourceDate "2017.06.22"]
[SourceVersion "1"]
[SourceVersionDate "2017.06.22"]
[SourceQuality "1"]
[WhiteTeam "Subotica Penzioner"]
[BlackTeam "Banovci Dunav"]
[WhiteTeamCountry "SRB"]
[BlackTeamCountry "SRB"]

1. e4 c5 2. Nf3 e6 3. d4 cxd4 4. Nxd4 Nc6 5. Nxc6 bxc6 6. Bd3 Nf6 7. 0-0 Qc7 8. Qe2 d5 9. exd5 cxd5 10. Nc3 a6 11. Bg5 Bb7 12. Rfe1 Be7 13. Rad1 0-0 14. Qf3 h6 15. Bf4 Qb6 16. Qh3 Ne4 17. Bxe4 dxe4 18. Qg3 Kh7 19. Be5 Bf6 20. Bxf6 gxf6 21. Qf4 f5 22. Re3 Rg8 23. Rd7 Raf8 24. h3 Qxb2 25. Qc7 Bc8 26. Rxf7+ Rxf7 27. Qxf7+ Rg7 28. Qh5 f4 29. Rxe4 Qc1+ 30. Nd1 Qa1 31. Re1 f3 32. g4 Rd7 33. Qe8 Rxd1 34. Qf7+ 1/2-1/2

[Event "Gligoric Cup 4th"]
[Site "Novi Banovci"]
[Date "2017.05.26"]
[Round "2.5"]
[White "Grujic, Miroslav"]
[Black "Sedlak, Ivan"]
[Result "1-0"]
[WhiteElo "2028"]
[BlackElo "2099"]
[PlyCount "73"]
[EventDate "2017.05.25"]
[EventType "team-swiss"]
[EventRounds "5"]
[EventCountry "SRB"]
[SourceTitle "CBM 178 Extra"]
[Source "ChessBase"]
[SourceDate "2017.06.22"]
[SourceVersion "1"]
[SourceVersionDate "2017.06.22"]
[SourceQuality "1"]
[WhiteTeam "Vojka Sremac"]
[BlackTeam "Subotica Penzioner"]
[WhiteTeamCountry "SRB"]
[BlackTeamCountry "SRB"]

1. e4 e6 2. d4 d5 3. exd5 exd5 4. Nc3 Nc6 5. Bb5 Nf6 6. Bg5 Be7 7. Nge2 0-0 8. 0-0 h6 9. Be3 Bg4 10. a3 Re8 11. Qd3 Bd6 12. Nf4 Bxf4 13. Bxf4 Qd7 14. Be5 Re6 15. f4 Re7 16. f5 Ne8 17. f6 gxf6 18. Bxf6 Re6 19. Be5 Rg6 20. Rf2 a6 21. Ba4 b5 22. Bb3 Be6 23. Qf3 Nxe5 24. dxe5 Rd8 25. Ne2 Bg4 26. Qe3 Bxe2 27. Rxe2 Ng7 28. Rf1 Re8 29. c3 Rge6 30. Ref2 R8e7 31. Bc2 Qc6 32. Qd3 Rg6 33. Rf6 Qc5+ 34. Kh1 Qc4 35. Qf3 Rg5 36. Rxf7 Nf5 37. Rxf5 1-0

[Event "Subotica-ch op"]
[Site "Subotica"]
[Date "2017.03.06"]
[Round "6"]
[White "Sedlak, Ivan"]
[Black "Tomik, Lajos"]
[Result "1/2-1/2"]
[WhiteElo "2106"]
[BlackElo "1991"]
[PlyCount "32"]
[EventDate "2017.02.22"]
[EventType "swiss"]
[EventRounds "9"]
[EventCountry "SRB"]
[SourceTitle "CBM 177 Extra"]
[Source "ChessBase"]
[SourceDate "2017.04.27"]
[SourceVersion "1"]
[SourceVersionDate "2017.04.27"]
[SourceQuality "1"]

1. e4 c5 2. Nf3 d6 3. d4 cxd4 4. Nxd4 Nf6 5. Nc3 a6 6. Be2 e6 7. Be3 Be7 8. a4 Nc6 9. 0-0 0-0 10. f4 Bd7 11. Nxc6 Bxc6 12. Bd3 Qa5 13. Qd2 Kh8 14. Rf3 Ng4 15. Rg3 Nxe3 16. Qxe3 Qc5 1/2-1/2

[Event "Subotica-ch op"]
[Site "Subotica"]
[Date "2017.02.22"]
[Round "1"]
[White "Kovacs, Istvan A"]
[Black "Sedlak, Ivan"]
[Result "0-1"]
[WhiteElo "1882"]
[BlackElo "2106"]
[PlyCount "70"]
[EventDate "2017.02.22"]
[EventType "swiss"]
[EventRounds "9"]
[EventCountry "SRB"]
[SourceTitle "CBM 177 Extra"]
[Source "ChessBase"]
[SourceDate "2017.04.27"]
[SourceVersion "1"]
[SourceVersionDate "2017.04.27"]
[SourceQuality "1"]

1. d4 e6 2. Nf3 Nf6 3. Bf4 c5 4. c3 Nc6 5. e3 Be7 6. Bd3 Nh5 7. Bg3 0-0 8. Ne5 Nxe5 9. Bxe5 Nf6 10. Bxf6 Bxf6 11. Qh5 g6 12. Qxc5 b6 13. Qa3 Bb7 14. 0-0 d6 15. Nd2 Be7 16. Qa4 a6 17. Be4 b5 18. Qb3 d5 19. Bd3 Bc6 20. Qc2 Rc8 21. Rac1 a5 22. Nf3 Qb6 23. Ne5 Be8 24. f4 b4 25. Qe2 f6 26. Nf3 Bd7 27. Qf2 Kg7 28. c4 dxc4 29. Bxc4 a4 30. b3 axb3 31. axb3 Ra8 32. Ra1 Ra3 33. Nd2 Rfa8 34. Rab1 Rd8 35. Bd3 Qa7 0-1

[Event "Subotica-ch op"]
[Site "Subotica"]
[Date "2016.03.07"]
[Round "7"]
[White "Sedlak, Ivan"]
[Black "Nagy, Attila N"]
[Result "1/2-1/2"]
[WhiteElo "2104"]
[BlackElo "2237"]
[PlyCount "81"]
[EventDate "2016.02.22"]
[EventType "swiss"]
[EventRounds "9"]
[EventCountry "SRB"]
[SourceTitle "CBM 171 Extra"]
[Source "ChessBase"]
[SourceDate "2016.04.26"]
[SourceVersion "1"]
[SourceVersionDate "2016.04.26"]
[SourceQuality "1"]

1. e4 c5 2. Nf3 g6 3. c3 d5 4. e5 Bg7 5. d4 cxd4 6. cxd4 Nc6 7. h3 Bf5 8. Nc3 Be4 9. Ng5 Nh6 10. Ngxe4 dxe4 11. Bb5 0-0 12. Be3 Nf5 13. Bxc6 bxc6 14. 0-0 c5 15. dxc5 Nxe3 16. fxe3 Qc7 17. Nxe4 Qxe5 18. Qc2 Rab8 19. Rae1 Rb4 20. Nc3 Qxc5 21. Qd3 Qe5 22. Re2 e6 23. a3 Rb3 24. Qc4 Rfb8 25. Nd1 Qg3 26. Rf3 Qd6 27. Rf1 Rd3 28. Nc3 Bxc3 29. bxc3 Rd8 30. Ref2 Rd7 31. e4 Qc7 32. Qb5 Rxc3 33. a4 Rc1 34. Rxc1 Qxc1+ 35. Rf1 Qe3+ 36. Kh1 Qd3 37. Qb8+ Kg7 38. Qe5+ Kg8 39. Qb8+ Kg7 40. Qf4 Qd2 41. Qf6+ 1/2-1/2

[Event "Subotica-ch op"]
[Site "Subotica"]
[Date "2016.03.04"]
[Round "6"]
[White "Pardic, Oliver"]
[Black "Sedlak, Ivan"]
[Result "0-1"]
[WhiteElo "2188"]
[BlackElo "2104"]
[PlyCount "82"]
[EventDate "2016.02.22"]
[EventType "swiss"]
[EventRounds "9"]
[EventCountry "SRB"]
[SourceTitle "CBM 171 Extra"]
[Source "ChessBase"]
[SourceDate "2016.04.26"]
[SourceVersion "1"]
[SourceVersionDate "2016.04.26"]
[SourceQuality "1"]

1. Nc3 e6 2. d4 d5 3. Nf3 Nf6 4. Bg5 Be7 5. Bxf6 Bxf6 6. e4 0-0 7. e5 Be7 8. Bd3 c5 9. h4 h6 10. dxc5 Bxc5 11. g4 Nc6 12. g5 h5 13. g6 fxg6 14. Bxg6 Rf4 15. Bxh5 Qf8 16. Nxd5 Re4+ 17. Ne3 Nxe5 18. Nxe5 Rxe5 19. Qe2 Bd7 20. 0-0-0 Bb5 21. Qf3 Bc6 22. Qg4 Bxh1 23. Rxh1 Qxf2 24. Nd1 Qf5 25. Qxf5 exf5 26. Bf3 Rb8 27. c4 b6 28. Nc3 Rc8 29. Kd2 Re3 30. Bh5 Re5 31. Nd5 Rc6 32. b4 Bf8 33. Bd1 g6 34. Bb3 Bh6+ 35. Kd1 Bf8 36. h5 g5 37. h6 Kh8 38. Kc2 Rce6 39. h7 Rh6 40. Rd1 Rh2+ 41. Kc1 Kxh7 0-1

[Event "Subotica-ch op"]
[Site "Subotica"]
[Date "2016.02.29"]
[Round "4"]
[White "Bacsa, Zoltan"]
[Black "Sedlak, Ivan"]
[Result "0-1"]
[WhiteElo "1711"]
[BlackElo "2104"]
[PlyCount "66"]
[EventDate "2016.02.22"]
[EventType "swiss"]
[EventRounds "9"]
[EventCountry "SRB"]
[SourceTitle "CBM 171 Extra"]
[Source "ChessBase"]
[SourceDate "2016.04.26"]
[SourceVersion "1"]
[SourceVersionDate "2016.04.26"]
[SourceQuality "1"]

1. d4 Nf6 2. c4 e6 3. Nc3 Bb4 4. e3 0-0 5. Nge2 d6 6. a3 Bxc3+ 7. Nxc3 Nc6 8. Qc2 Qe7 9. Be2 h6 10. b4 a5 11. b5 Nb8 12. Bb2 Nbd7 13. Bf3 e5 14. 0-0 Re8 15. Ne4 Nxe4 16. Qxe4 Nb6 17. Qc2 e4 18. Be2 Qg5 19. Kh1 Nd7 20. d5 Nc5 21. Rad1 Bf5 22. Bd4 Nd7 23. Qb2 b6 24. h3 Ne5 25. f4 exf3 26. Bxf3 Nxc4 27. Qc3 Nxe3 28. Bxe3 Rxe3 29. Qxc7 Qg3 30. Qxb6 Rae8 31. Qxa5 Bxh3 32. Rg1 Rxf3 33. gxf3 Qxf3+ 0-1

[Event "Subotica-ch op"]
[Site "Subotica"]
[Date "2016.02.26"]
[Round "3"]
[White "Sedlak, Ivan"]
[Black "Mandovic, Mirko"]
[Result "0-1"]
[WhiteElo "2104"]
[BlackElo "1973"]
[PlyCount "57"]
[EventDate "2016.02.22"]
[EventType "swiss"]
[EventRounds "9"]
[EventCountry "SRB"]
[SourceTitle "CBM 171 Extra"]
[Source "ChessBase"]
[SourceDate "2016.04.26"]
[SourceVersion "1"]
[SourceVersionDate "2016.04.26"]
[SourceQuality "1"]

1. e4 c5 2. Nf3 Nc6 3. Bb5 a6 4. Bxc6 dxc6 5. h3 h6 6. 0-0 g6 7. Re1 Bg7 8. e5 e6 9. Nc3 b6 10. Ne4 Ne7 11. Nd6+ Kf8 12. Ne4 Ra7 13. Qe2 a5 14. d3 Ba6 15. Bf4 g5 16. Bd2 Ng6 17. Ng3 f5 18. exf6 Bxf6 19. Qxe6 Bc8 20. Qe4 Rg8 21. Bc3 Nf4 22. Qxc6 Bxc3 23. bxc3 Rg6 24. Qe4 Re6 25. Ne5 Qf6 26. d4 Rae7 27. Qa8 Re8 28. Qxc8 Rxc8 29. Nd7+ 0-1

[Event "Subotica-ch op"]
[Site "Subotica"]
[Date "2016.02.24"]
[Round "2"]
[White "Juhasz, Jeno"]
[Black "Sedlak, Ivan"]
[Result "1/2-1/2"]
[WhiteElo "1941"]
[BlackElo "2104"]
[PlyCount "90"]
[EventDate "2016.02.22"]
[EventType "swiss"]
[EventRounds "9"]
[EventCountry "SRB"]
[SourceTitle "CBM 171 Extra"]
[Source "ChessBase"]
[SourceDate "2016.04.26"]
[SourceVersion "1"]
[SourceVersionDate "2016.04.26"]
[SourceQuality "1"]

1. Nf3 Nf6 2. c4 e6 3. d4 Bb4+ 4. Bd2 a5 5. g3 0-0 6. Bg2 d6 7. 0-0 Bxd2 8. Qxd2 Qe7 9. Nc3 Nbd7 10. Rfd1 Re8 11. Nb5 Nf8 12. Rac1 e5 13. dxe5 dxe5 14. e3 Bg4 15. Re1 e4 16. Nfd4 c6 17. Na3 Red8 18. Qc2 N8d7 19. h3 Bh5 20. c5 Bg6 21. Red1 Ne5 22. Rd2 Nd3 23. Rcd1 Nxc5 24. Nxc6 bxc6 25. Rxd8+ Rxd8 26. Rxd8+ Qxd8 27. Qxc5 Qd5 28. Qc4 Bf5 29. Bf1 h5 30. Kh2 h4 31. Qxd5 hxg3+ 32. fxg3 Nxd5 33. Nc4 c5 34. a3 Bd7 35. Kg2 Bb5 36. Kf2 Kf8 37. Nd2 Bxf1 38. Nxf1 c4 39. g4 a4 40. Ng3 c3 41. bxc3 Nxc3 42. Ke1 Nb5 43. Nxe4 Nxa3 44. Nc3 Nc4 45. Nxa4 Nxe3 1/2-1/2

[Event "Subotica-ch"]
[Site "Subotica"]
[Date "2015.03.06"]
[Round "9"]
[White "Meszaros, Bela"]
[Black "Sedlak, Ivan"]
[Result "1/2-1/2"]
[WhiteElo "2224"]
[BlackElo "2112"]
[PlyCount "103"]
[EventDate "2015.02.16"]
[EventType "swiss"]
[EventRounds "9"]
[EventCountry "SRB"]
[SourceTitle "CBM 165 Extra"]
[Source "ChessBase"]
[SourceDate "2015.04.21"]
[SourceVersion "1"]
[SourceVersionDate "2015.04.21"]
[SourceQuality "1"]

1. e4 e6 2. d4 d5 3. Nc3 Nf6 4. Bg5 Be7 5. e5 Nfd7 6. Bxe7 Qxe7 7. f4 Nb6 8. Nf3 Bd7 9. Bd3 c5 10. dxc5 Qxc5 11. Qd2 Nc4 12. Bxc4 Qxc4 13. f5 exf5 14. Nxd5 Be6 15. Ne3 Qc5 16. b4 Qc7 17. c4 Nc6 18. Qc3 Ne7 19. 0-0 f4 20. Nc2 Qxc4 21. Qd2 0-0 22. Ncd4 Ng6 23. Rac1 Qxa2 24. Rc2 Qd5 25. Rc5 Qd7 26. h4 Rfd8 27. h5 b6 28. Rcc1 Nxe5 29. Qxf4 Nd3 30. Qg3 Qd6 31. Qxd6 Rxd6 32. Rc7 Nxb4 33. Nxe6 Rxe6 34. Ng5 Rf6 35. Rxf6 gxf6 36. Nxf7 a5 37. h6 Nd5 38. Rd7 Kf8 39. Nd6 Ne7 40. Ne4 a4 41. Nxf6 a3 42. Nxh7+ Kf7 43. Ng5+ Kf6 44. Ne4+ Ke6 45. Rd1 b5 46. Nc5+ Kf6 47. Rd6+ Kf7 48. h7 a2 49. Nb3 a1Q+ 50. Nxa1 Rxa1+ 51. Kf2 Ra8 52. Rb6 1/2-1/2

[Event "Subotica-ch"]
[Site "Subotica"]
[Date "2015.03.04"]
[Round "8"]
[White "Sedlak, Ivan"]
[Black "Scepanovic, Labud"]
[Result "1/2-1/2"]
[WhiteElo "2112"]
[BlackElo "2141"]
[PlyCount "25"]
[EventDate "2015.02.16"]
[EventType "swiss"]
[EventRounds "9"]
[EventCountry "SRB"]
[SourceTitle "CBM 165 Extra"]
[Source "ChessBase"]
[SourceDate "2015.04.21"]
[SourceVersion "1"]
[SourceVersionDate "2015.04.21"]
[SourceQuality "1"]

1. e4 d6 2. d4 Nf6 3. Nc3 g6 4. Bg5 Bg7 5. Qd2 0-0 6. Bh6 Nc6 7. 0-0-0 Bd7 8. Kb1 e5 9. Bxg7 Kxg7 10. Nf3 Bg4 11. dxe5 dxe5 12. Qxd8 Raxd8 13. Be2 1/2-1/2

[Event "Subotica-ch"]
[Site "Subotica"]
[Date "2014.02.28"]
[Round "5"]
[White "Tomik, Lajos"]
[Black "Sedlak, Ivan"]
[Result "1-0"]
[WhiteElo "2052"]
[BlackElo "2126"]
[PlyCount "125"]
[EventDate "2014.02.19"]
[EventType "swiss"]
[EventRounds "9"]
[EventCountry "SRB"]
[SourceTitle "CBM 159 Extra"]
[Source "ChessBase"]
[SourceDate "2014.04.24"]
[SourceVersion "1"]
[SourceVersionDate "2014.04.24"]
[SourceQuality "1"]

1. d4 Nf6 2. c4 e6 3. Nf3 Bb4+ 4. Bd2 c5 5. Bxb4 cxb4 6. g3 0-0 7. Nbd2 d5 8. Bg2 Nc6 9. 0-0 Ne4 10. e3 f5 11. cxd5 exd5 12. a3 Be6 13. axb4 Nxb4 14. Qb3 Qd6 15. Rfd1 a5 16. Bf1 Kh8 17. Ne5 Rf6 18. Ndf3 b6 19. Rdc1 g5 20. Nd3 Nxd3 21. Qxd3 f4 22. exf4 gxf4 23. Bg2 fxg3 24. fxg3 Rg8 25. Ne5 Nf2 26. Qa3 Qxa3 27. Rxa3 Nh3+ 28. Bxh3 Bxh3 29. Rf3 Rxf3 30. Nxf3 Rc8 31. Rxc8+ Bxc8 32. Kf2 Kg7 33. Ke3 Kf6 34. Ne5 Be6 35. Nd3 Kg5 36. Nf2 h5 37. Kd2 Bd7 38. Kc3 Bb5 39. Kd2 Bc4 40. Kc3 b5 41. b3 Bf1 42. Kd2 Kf5 43. Kc3 Be2 44. Kd2 Bf1 45. Kc3 b4+ 46. Kc2 Bb5 47. Kb2 Kg5 48. Kc2 h4 49. Kb2 Bf1 50. Kc2 h3 51. Kb2 Kf5 52. Kc2 Bg2 53. Kb2 Bf1 54. Kc2 Bb5 55. Kb2 Bd7 56. Kc2 a4 57. bxa4 Bxa4+ 58. Kb2 Kg5 59. Nxh3+ Kg4 60. Nf4 Kf3 61. Nxd5 Ke4 62. Nb6 Bd1 63. d5 1-0